XXI [i.e. Vigésimo primer] Festival Internacional de Cine en Guadalajara : del 24 al 31 de marzo [de] 2006 /
-д хадгалсан:
| Байгууллагын зохиогч: | |
|---|---|
| Формат: | Бага хурлын үйл явц Ном |
| Хэл сонгох: | испани |
| Хэвлэсэн: |
Guadalajara, México :
Universidad de Guadalajara,
2006
|
| Нөхцлүүд: | |
| Шошгууд: |
Шошго байхгүй, Энэхүү баримтыг шошголох эхний хүн болох!
|
MARC
| LEADER | 00000nam^a2200000^a^4500 | ||
|---|---|---|---|
| 001 | 000338102 | ||
| 005 | 20260226000000.0 | ||
| 009 | 20260310114347.064 | ||
| 037 | |a Acervo ITESO - Biblioteca | ||
| 041 | |a ESP | ||
| 082 | |a 302. 23550972352 |b MUE 2006 | ||
| 111 | |a Festival Internacional de Cine en Guadalajara ( |n 21° : |d 2006 : |c Guadalajara, México) | ||
| 240 | 1 | 1 | |a [Muestra de Cine Mexicano en Guadalajara] |
| 245 | 1 | 0 | |a XXI [i.e. Vigésimo primer] Festival Internacional de Cine en Guadalajara : |b del 24 al 31 de marzo [de] 2006 / |c Muestra de Cine Mexicano en Guadalajara. |
| 264 | 1 | |a Guadalajara, México : |b Universidad de Guadalajara, |c 2006 | |
| 300 | |a 323 p. | ||
| 336 | |a texto |b txt |2 rdacontenido | ||
| 337 | |a sin mediación |b n |2 rdamedio | ||
| 338 | |a volumen |b nc |2 rdasoporte | ||
| 546 | |a Edición bilingüe español-inglés | ||
| 649 | |a XX | ||
| 650 | |a Actores Españoles - |x Homenajes | ||
| 650 | |a Actores Mexicanos - |x Homenajes | ||
| 650 | |a Mujeres Españolas - |x Homenajes | ||
| 650 | |a Cineastas Norteamericanos - |x Homenajes | ||
| 650 | |a Cine de Animación - |z Brasil - |x Ciclos y Retrospectivas | ||
| 650 | |a Cine de Animación - |z Jalisco - |x Ciclos y Retrospectivas | ||
| 650 | |a Cine Brasileño - |x Ciclos y Retrospectivas | ||
| 650 | |a Cine Jalisciense - |x Ciclos y Retrospectivas | ||
| 650 | |a Cine Mexicano - |x Festivales - |x Tema Principal | ||
| 650 | |a Cine Mexicano - |x Ciclos y Retrospectivas | ||
| 650 | |a Cine Mexicano - |x Catálogos | ||
| 650 | |a Cine Mexicano - |x Historia y Crítica | ||
| 650 | |a Cine Mexicano - |y 2000-2009 | ||
| 650 | |a Cine Mexicano - |y Siglo XXI | ||
| 650 | |a Cine Iberoamericano - |x Festivales - |x Tema Principal | ||
| 650 | |a Cine Iberoamericano - |x Catálogos | ||
| 650 | |a Cine Iberoamericano - |x Historia y Crítica | ||
| 650 | |a Cine Iberoamericano - |y 2000-2009 | ||
| 650 | |a Cine Iberoamericano - |y Siglo XXI | ||
| 650 | |a Cine Independiente - |z EUA - |x Ciclos y Retrospectivas | ||
| 650 | |a Cine Norteamericano - |x Ciclos y Retrospectivas | ||
| 650 | |a Cine - |x Festivales - |z Guadalajara, Jalisco - |x Tema Principal | ||
| 650 | |a Cine - |x Festivales - |z México | ||
| 650 | |a Cine - |x Festivales - |x Catálogos | ||
| 650 | |a Cine - |x Reseñas | ||
| 650 | |a Armendáriz, Pedro, hijo | ||
| 650 | |a Paredes, Marisa | ||
| 650 | |a Sayles, John | ||
| 910 | |a Fondo General | ||
| 920 | |a Impresos - Libros | ||
| 930 | |a Obras de Referencia | ||
| 905 | |a 102 | ||
| 901 | |a 0500228053 |b IT2 |c REF |i D60826 |u 20250521 | ||
| 902 | |a https://opac.biblio.iteso.mx/vufind/Record/000338102 | ||